| 000 | 00987nam a2200301 a 4500 | ||
|---|---|---|---|
| 005 | 20191224041554.0 | ||
| 008 | 140225b1995 at ||||gr|||| 00| 0 eng d | ||
| 040 |
_aCO-BoIAVH _cCO-BoIAVH |
||
| 041 | _aeng | ||
| 082 | 0 | 4 |
_a333.72 _bW53d |
| 110 | 2 | _bWet Tropics Management Authority | |
| 245 | 1 |
_aDraft wet tropics plan _bprotection trough partnerships |
|
| 260 |
_aCairns _bWet Tropics Management Authority _c1995 |
||
| 300 |
_a180 paginas. _c29 x 21 cm _eMapas |
||
| 650 | 4 | _aBosque húmedo tropical | |
| 650 | 4 | _aConservación de ecosistemas | |
| 650 | 4 | _aVegetación | |
| 650 | 4 | _aUso de biodiversidad | |
| 650 | 6 | _aFauna | |
| 650 | 6 | _aLegislación ambiental | |
| 650 | 6 | _aApoyo institucional | |
| 650 | 6 | _aColecciones biológicas | |
| 650 | 4 | _aSistemas de información | |
| 650 | 4 | _aEcoturísmo | |
| 650 | 4 | _aImpacto ambiental | |
| 650 | 4 | _aBiodiversidad | |
| 942 |
_cLIBRO _2ddc |
||
| 999 |
_c1119 _d1119 |
||